| 000 | 00363nam a2200145Ia 4500 | ||
|---|---|---|---|
| 008 | 230917s9999||||xx |||||||||||||| ||und|| | ||
| 040 |
_e99858 _aMAIN |
||
| 041 | _aEnglish | ||
| 082 | _a546.22 F855M | ||
| 100 | _aFranks, Felix | ||
| 245 | 0 | _aWater: A matrix of life | |
| 260 |
_aCambridge _bRoyal Society of Chemistry _c2000 |
||
| 300 | _a225 p. | ||
| 942 | _cBK | ||
| 999 |
_c118240 _d118240 |
||